000 01124nam a22003377a 4500
001 0011838
003 DO-SdBPM
005 20260310134625.0
007 a
008 161128b2005 sp a|||| |||| 00| 0 spa d
020 _a8420451231
040 _aDO-SdBPM
_bspa
_cBPMSU
_erda
082 0 4 _aA863.44
_b K42c 2005
_222
100 1 _aKeselman, Gabriela
_d1953-
_eautora
_4aut.
245 1 3 _aEl cumpleaños de Enzo /
_cGabriela Keselman ; ilustraciones Claudia Bielinsky ;editora Marta Higueras Díez
264 _aMadrid :
_bAlfaguara ;
_c2005
300 _a23 páginas :
_bilustraciones
_c20 cm.
336 _atexto
_btxt
_2rdacontent
337 _asin mediación
_bn
_2rdamedia
338 _avolumen
_bnc
_2rdacarrier
490 0 _aAlfaguara infantil
521 _aA partir de 4 años.
590 _aInventariado, 2026/VM
650 7 _aNovela infantil argentina
650 7 _aElefante
_vNovela infantil
650 7 _aLibros ilustrados para niños
700 1 _aBielinsky, Cludia,
_4ilustración
700 1 _aHiguera Díez, Marta,
_eeditora
910 _aVMateo V. Control de calidad. BPMSU
942 _2ddc
_cBK
999 _c12138
_d12138